57 - Né(es) un 26 février - Statistiques

Statistiques générales
  • Ce quiz a été pris 12 fois
  • Le résultat moyen est 6 sur 16
Statistiques - réponses
Hint Année de naissance Réponse % Correct
Homme politique devenu Président de la république de Turquie en 2014. 1958 Recep Tayyip Erdogan
100%
Écrivain français. Surnommé "l'Homme océan" ou bien "l'Homme siècle". Connu notamment pour "Les Misérables" et "Notre-Dame de Paris". 1802 Victor Hugo
100%
Homme de spectacle américain. Figure mythique de la conquête de l'Ouest. Il tient son surnom du fait qu'il fut chasseur de bisons. 1846 Buffalo Bill|William Frederick Cody
82%
Pharmacien français. Il mit au point une technique de guérison fondée sur l'autosuggestion qui garda son nom. 1857 Émile Coué de La Châtaigneraie|Émile Coué
73%
Pilote de rallye français. Champion du monde des rallyes de 2004 à 2012 avec Citroën. 1974 Sébastien Loeb
64%
Réalisateur de films d'animation américain. Créateur des personnages "Bugs Bunny", "Daffy Duck", "Le Loup", "Droopy", "Casse-noisettes" ou "Georges et Junior". 1908 Tex Avery|Frederick Bean Avery
36%
Peintre. Caricaturiste français célèbre, ayant notamment pour cible les hommes politiques du 19ème siècle. 1808 Honoré Victorin Daumier|Honoré Daumier
27%
Médecin et chirurgien américain. Inventeur des corn flakes. 1852 John Harvey Kellogg
27%
Écrivain français. Révélé par "Extension du domaine de la lutte" (1994) et surtout "Les Particules élémentaires" (1998). 1956 Michel Thomas|Michel Houellebecq
27%
Premier ministre d'Israël de 2001 à 2006. 1928 Ariel Scheinermann|Ariel Sharon
9%
Romancier français, auteur de bande dessinée, qui a également travaillé dans le milieu du cinéma et de la télévision. Auteur des "Lois de la gravité", "Le Magasin des suicides", "Le Montespan". 1953 Jean Teulé
9%
Auteur américain du rock "Ain't That a Shame" et le plus célèbre interprète de la ballade de 1940 "Blueberry Hill". 1928 Antoine Dominique Domino Jr|Fats Domino
0%
Roi de Danemark et de Suède 1440 à 1448. Roi de Norvège de 1442 à 1448. 1416 Christophe de Bavière|Christophe III
0%
Astronome et physicien français. Aîné d'une fratrie célèbre. Fut vingt ans professeur à Polytechnique. 1786 François Arago
0%
Empereur romain de 364 à 375. Son règne est dominé par la lutte contre les ennemis extérieurs : Alamans sur le Rhin et le Neckar, Saxons et Irlandais en Bretagne, Maures en Afrique, Sarmates et Quades dans la région danubienne. 321 Valentinien Ier
0%
Roi des Romains de 1376 à 1400, surnommé "l'Ivrogne". 1361 Venceslas de Luxembourg
0%
Aucun quiz correspondant
Distribution des résultats
% des personnes avec chaque résultat
Percentile par nombre de réponses
Votre historique - résultats
Vous n’avez pas pris ce quiz